Statistiken für Torschützenkönige der Fußball-Bundesliga / Top Scorer Of The Bundesliga

Klicken Sie hier um das Quiz zu spielen!

Allgemein

  • Dieses Quiz wurde 3.811 mal gespielt
  • Das Durchschnittsergebnis liegt bei 20 aus 49

Antwortstatistiken

Saison/SeasonSpieler/PlayerVereinTore% Korrekt
1973/74Jupp Heynckes, Gerd MüllerBorussia Mönchengladbach, FC Bayern München30
79%
1977/78Dieter Müller, Gerd Müller1. FC Köln, FC Bayern München24
78%
1968/69Gerd MüllerFC Bayern München30
78%
1969/70Gerd MüllerFC Bayern München38
78%
1971/72Gerd MüllerFC Bayern München40
78%
1972/73Gerd MüllerFC Bayern München36
78%
1966/67Lothar Emmerich, Gerd MüllerBorussia Dortmund, FC Bayern München28
78%
2010/11Mario GomezFC Bayern München28
68%
1963/64Uwe SeelerHamburger SV30
68%
2009/10Edin DzekoVfl Wolfsburg22
65%
2008/09GrafiteVfl Wolfsburg28
63%
2011/12Klaas-Jan HuntelaarFC Schalke 0429
63%
2005/06Miroslav KloseWerder Bremen25
62%
2003/04AiltonWerder Bremen28
59%
2007/08Luca ToniFC Bayern München24
51%
2002/03Thomas Christiansen, Giovane ElberVfl Bochum, FC Bayern München21
48%
1974/75Jupp HeynckesBorussia Mönchengladbach27
42%
1997/98Ulf KirstenBayer Leverkusen22
42%
1996/97Ulf KirstenBayer Leverkusen22
42%
1992/93Ulf Kirsten, Anthony YeboahBayer Leverkusen, Eintracht Frankfurt20
42%
1983/82Karl-Heinz RummeniggeFC Bayern München26
41%
1980/81Karl-Heinz RummeniggeFC Bayern München29
41%
1979/80Karl-Heinz RummeniggeFC Bayern München26
41%
2001/02Marcio Amoroso, Martin MaxBorussia Dortmund, TSV 1860 München18
41%
2004/05Marek Mintal1. FC Nürnberg24
41%
2000/01Sergej Barbarez, Ebbe SandHamburger SV, Schalke 0422
39%
1999/00Martin MaxTSV 1860 München19
37%
1982/83Rudi VöllerWerder Bremen23
36%
1987/88Jürgen KlinsmannVfB Stuttgart19
34%
2006/07Theofanis GekasVfl Bochum20
34%
1995/96Fredi BobicVfB Stuttgart17
31%
1975/76Klaus FischerFC Schalke 0429
29%
1993/94Stefan Kuntz, Anthony Yeboah1. FC Kaiserslautern, Eintracht Frankfurt18
29%
1976/77Dieter Müller1. FC Köln34
28%
1965/66Lothar EmmerichBorussia Dortmund31
27%
1998/99Michael PreetzHertha BSC Berlin23
25%
1981/82Horst HrubeschHamburger SV27
21%
1994/95Mario Basler, Heiko HerrlichWerder Bremen, Borussia Dortmund20
20%
1985/86Stefan KuntzVfL Bochum22
20%
1991/92Fritz WalterVfB Stuttgart22
17%
1984/85Klaus Allofs1. FC Köln26
16%
1978/79Klaus AllofsFortuna Düsseldorf22
16%
1986/87Uwe RahnBorussia Mönchengladbach24
14%
1988/89Thomas Allofs, Roland Wolfarth1. FC Köln, FC Bayern München17
12%
1989/90Jorn AndersenEintracht Frankfurt18
9%
1967/68Hannes Löhr1. FC Köln27
8%
1990/91Roland WolfarthFC Bayern München21
8%
1970/71Lothar KobluhnRot-Weiß Oberhausen24
7%
1964/65Rudolf BrunnenmeierTSV 1860 München24
7%

Verteilung der Resultate

Perzentil nach korrekt beantworteten Fragen

Anzahl Personen mit jedem Resultat

Ihre Resultats-Entwicklung

Sie haben dieses Quiz noch nicht gespielt